Finančná výkonnosť podnikateľských subjektov SR v období rokov 2007-2016

Analýza finančnej výkonnosti podnikateľských subjektov pôsobiacich v SR. Úroveň výsledkov prezentovaná 3 štatistickými charakteristikami - mediánom, dolným kvartilom a horným kvartilom.

Gespeichert in:
Bibliographische Detailangaben
1. Verfasser: Tučníková, Daniela
Format: Buchkapitel
Sprache:Slowakisch
Schlagworte:
Tags: Tag hinzufügen
Keine Tags, Fügen Sie das erste Tag hinzu!

MARC

LEADER 00000naa$a2200000$$$4500
001 0237788
005 20241031105957.6
041 0 |a slo 
044 |a SK 
245 1 0 |a Finančná výkonnosť podnikateľských subjektov SR v období rokov 2007-2016  |c Daniela Tučníková 
520 |a Analýza finančnej výkonnosti podnikateľských subjektov pôsobiacich v SR. Úroveň výsledkov prezentovaná 3 štatistickými charakteristikami - mediánom, dolným kvartilom a horným kvartilom. 
610 2 0 |a výkonnosť 
610 2 0 |a výkonnosť finančná 
610 2 0 |a financie 
610 2 0 |a analýzy 
610 2 0 |a firmy 
610 2 0 |a ukazovatele finančné 
610 2 0 |a likvidita 
610 2 0 |a zadlženosť 
610 2 0 |a rentabilita 
610 2 0 |a aktíva 
610 2 0 |a Slovensko 
100 1 |a Tučníková, Daniela